000 00324nam a22001457a 4500
008 210429b ||||| |||| 00| 0 eng d
020 _a9781856194723
041 _aeng
080 _a94
082 _a94
100 _a16
101 _aHIS
245 _aAn Intimate History of Humanity
_cTheodore Zeldin
942 _2udc
_cBK
999 _c57028
_d57028